The saintly politics of Catherine of Siena. By F. Thomas Luongo. Pp. xvii+233. Ithaca–London: Cornell University Press, 2006. £20.95 (39.95). 13 978 0 8014 4395 4; 10 0 8014 4395 4
| Main Author: | |
|---|---|
| Format: | Electronic Review |
| Language: | English |
| Check availability: | HBZ Gateway |
| Interlibrary Loan: | Interlibrary Loan for the Fachinformationsdienste (Specialized Information Services in Germany) |
| Published: |
2008
|
| In: |
The journal of ecclesiastical history
Year: 2008, Volume: 59, Issue: 2, Pages: 324-325 |
| Further subjects: | B
Book review
|
| Online Access: |
Volltext (lizenzpflichtig) Volltext (lizenzpflichtig) |
MARC
| LEADER | 00000caa a22000002c 4500 | ||
|---|---|---|---|
| 001 | 1784669822 | ||
| 003 | DE-627 | ||
| 005 | 20220106002753.0 | ||
| 007 | cr uuu---uuuuu | ||
| 008 | 220105s2008 xx |||||oo 00| ||eng c | ||
| 024 | 7 | |a 10.1017/S0022046907003764 |2 doi | |
| 035 | |a (DE-627)1784669822 | ||
| 035 | |a (DE-599)KXP1784669822 | ||
| 040 | |a DE-627 |b ger |c DE-627 |e rda | ||
| 041 | |a eng | ||
| 084 | |a 1 |2 ssgn | ||
| 100 | 1 | |a Murk-Jansen, Saskia |e VerfasserIn |4 aut | |
| 245 | 1 | 4 | |a The saintly politics of Catherine of Siena. By F. Thomas Luongo. Pp. xvii+233. Ithaca–London: Cornell University Press, 2006. £20.95 (39.95). 13 978 0 8014 4395 4; 10 0 8014 4395 4 |
| 264 | 1 | |c 2008 | |
| 336 | |a Text |b txt |2 rdacontent | ||
| 337 | |a Computermedien |b c |2 rdamedia | ||
| 338 | |a Online-Ressource |b cr |2 rdacarrier | ||
| 601 | |a Université | ||
| 655 | 7 | |a Rezension |0 (DE-588)4049712-4 |0 (DE-627)106186019 |0 (DE-576)209083166 |2 gnd-content | |
| 773 | 0 | 8 | |i Enthalten in |t The journal of ecclesiastical history |d London [u.a.] : Cambridge Univ. Press, 1950 |g 59(2008), 2, Seite 324-325 |h Online-Ressource |w (DE-627)265785375 |w (DE-600)1466476-8 |w (DE-576)078707234 |x 1469-7637 |7 nnas |
| 773 | 1 | 8 | |g volume:59 |g year:2008 |g number:2 |g pages:324-325 |
| 856 | 4 | 0 | |u https://doi.org/10.1017/S0022046907003764 |x Resolving-System |z lizenzpflichtig |3 Volltext |7 1 |
| 856 | 4 | 0 | |u https://www.cambridge.org/core/journals/journal-of-ecclesiastical-history/article/saintly-politics-of-catherine-of-siena-by-f-thomas-luongo-pp-xvii233-ithacalondon-cornell-university-press-2006-2095-3995-13-978-0-8014-4395-4-10-0-8014-4395-4/21B320927D8A029464F7401282D3A5DC |x Verlag |z lizenzpflichtig |3 Volltext |7 1 |
| 935 | |a mteo | ||
| 951 | |a AR | ||
| ELC | |a 1 | ||
| ITA | |a 1 |t 1 | ||
| LOK | |0 000 xxxxxcx a22 zn 4500 | ||
| LOK | |0 001 4029974163 | ||
| LOK | |0 003 DE-627 | ||
| LOK | |0 004 1784669822 | ||
| LOK | |0 005 20220105043351 | ||
| LOK | |0 008 220105||||||||||||||||ger||||||| | ||
| LOK | |0 035 |a (DE-Tue135)IxTheo#2021-12-29#F577355ECE90A1BAD3023A91538F3A5C2C45ACA7 | ||
| LOK | |0 040 |a DE-Tue135 |c DE-627 |d DE-Tue135 | ||
| LOK | |0 092 |o n | ||
| LOK | |0 852 |a DE-Tue135 | ||
| LOK | |0 852 1 |9 00 | ||
| LOK | |0 935 |a ixzs |a ixrk |a zota | ||
| LOK | |0 939 |a 05-01-22 |b l01 | ||
| ORI | |a SA-MARC-ixtheoa001.raw | ||